000
00330nam a2200145Ia 4500
008
100122s9999 xx 000 0 und d
082
_b
48441
_a
823
100
_a
ADRIAN JACK
245
_a
DEATH LANDS
260
_b
A GOLD EAGLE BOOK
_c
1987
300
_a
380
630
_a
DEATH LANDS
730
_a
DEATH LANDS
942
_c
BOOK
999
_c
374575
_d
374572